[Event "GER-ch U25 op"]
[Site "Willingen"]
[Date "2009.06.04"]
[Round "7"]
[White "Weissbeck, Joachim Daniel"]
[Black "Roehlich, Philipp"]
[Result "1/2-1/2"]
[WhiteElo "1755"]
[BlackElo "1043"]
[PlyCount "97"]
[EventDate "2009.05.30"]
[EventType "swiss"]
[EventRounds "9"]
[EventCountry "GER"]
[SourceTitle "EXT 2010"]
[Source "ChessBase"]
[SourceDate "2010.11.25"]
[SourceVersion "1"]
[SourceVersionDate "2010.11.25"]
[SourceQuality "1"]

1. e4 c5 2. Nf3 Nc6 3. d4 cxd4 4. Nxd4 g6 5. c4 Bg7 6. Be3 Nf6 7. Nc3 Ng4 8. Qxg4 Nxd4 9. Qd1 Nc6 10. Qd2 d6 11. Be2 0-0 12. 0-0 Be6 13. f3 Ne5 14. b3 a6 15. a4 Rc8 16. Rac1 Qa5 17. Nd5 Qxd2 18. Nxe7+ Kh8 19. Bxd2 Rc7 20. Bb4 Rxe7 21. Bxd6 Rfe8 22. Bxe7 Rxe7 23. Rfd1 Nc6 24. Rd3 Kg8 25. Rb1 Rd7 26. Rxd7 Bxd7 27. b4 Nd4 28. Bd3 Bxa4 29. b5 axb5 30. cxb5 Nc2 31. Rc1 Bd4+ 32. Kh1 Na3 33. Rc8+ Kg7 34. Rc7 Nxb5 35. Rxb7 Nc3 36. Rb4 Bc5 37. g3 Bd6 38. Rb7 Kf8 39. Bc4 Be8 40. Rb3 Na4 41. Bb5 Bxb5 42. Rxb5 Nc5 43. Kg2 Kg7 44. Ra5 Ne6 45. e5 Bb4 46. Ra7 Bc3 47. f4 Bd2 48. Rd7 Bc3 49. h4 1/2-1/2

[Event "GER-ch U25 op"]
[Site "Willingen"]
[Date "2009.06.03"]
[Round "6"]
[White "Weissbeck, Joachim Daniel"]
[Black "Stemmler, Lysan"]
[Result "0-1"]
[WhiteElo "1755"]
[BlackElo "1856"]
[PlyCount "32"]
[EventDate "2009.05.30"]
[EventType "swiss"]
[EventRounds "9"]
[EventCountry "GER"]
[SourceTitle "EXT 2010"]
[Source "ChessBase"]
[SourceDate "2010.11.25"]
[SourceVersion "1"]
[SourceVersionDate "2010.11.25"]
[SourceQuality "1"]

1. e4 c5 2. Nf3 d6 3. d4 cxd4 4. Nxd4 Nf6 5. Nc3 g6 6. Bg5 Bg7 7. Qd2 0-0 8. f3 Nc6 9. Nxc6 bxc6 10. 0-0-0 Be6 11. Kb1 Qb6 12. Bh6 Rfb8 13. Na4 Bxh6 14. Qxh6 Qb4 15. g4 Qxa4 16. b3 Bxb3 0-1

[Event "GER-ch U25 op"]
[Site "Willingen"]
[Date "2009.05.31"]
[Round "2"]
[White "Triantafillidis, Zoe"]
[Black "Weissbeck, Joachim Daniel"]
[Result "0-1"]
[WhiteElo "923"]
[BlackElo "1755"]
[PlyCount "71"]
[EventDate "2009.05.30"]
[EventType "swiss"]
[EventRounds "9"]
[EventCountry "GER"]
[SourceTitle "EXT 2010"]
[Source "ChessBase"]
[SourceDate "2010.11.25"]
[SourceVersion "1"]
[SourceVersionDate "2010.11.25"]
[SourceQuality "1"]

1. e4 e5 2. Nf3 Nf6 3. Nc3 Bb4 4. Bd3 Nc6 5. a3 Be7 6. Bc4 0-0 7. d3 d6 8. h3 b6 9. Bg5 Bb7 10. 0-0 a6 11. Bxf6 Bxf6 12. Bd5 Rb8 13. Bxc6 Bxc6 14. b3 Bb7 15. a4 c6 16. Ne2 d5 17. Nc3 Re8 18. Qe2 Qd6 19. Qe3 d4 20. Qd2 dxc3 21. Qxc3 c5 22. Qd2 b5 23. axb5 axb5 24. c3 Ra8 25. Qb2 Qxd3 26. Rfe1 Bxe4 27. Re3 Rxa1+ 28. Qxa1 Qb1+ 29. Qxb1 Bxb1 30. Re1 Bc2 31. b4 cxb4 32. cxb4 e4 33. Nh2 Bd3 34. f3 Kf8 35. fxe4 Rxe4 36. Rxe4 0-1

[Event "GER-ch U25"]
[Site "Willingen"]
[Date "2007.05.29"]
[Round "5"]
[White "Frey, Nicole"]
[Black "Weissbeck, Joachim Daniel"]
[Result "1-0"]
[WhiteElo "1790"]
[BlackElo "1350"]
[PlyCount "43"]
[EventDate "2007.05.26"]
[EventType "swiss"]
[EventRounds "9"]
[EventCountry "GER"]
[SourceTitle "CBM 118 Extra"]
[Source "ChessBase"]
[SourceDate "2007.07.04"]
[SourceVersion "1"]
[SourceVersionDate "2007.07.04"]
[SourceQuality "1"]

1. e4 e5 2. d4 exd4 3. Qxd4 Nc6 4. Qe3 Nf6 5. Nc3 Bb4 6. Bd2 0-0 7. 0-0-0 Re8 8. Qg3 Rxe4 9. a3 Bxc3 10. Bxc3 d6 11. f3 Re8 12. Bd3 Bd7 13. h4 Ne5 14. Be2 Nh5 15. Qf2 g6 16. Nh3 Ng7 17. g4 h6 18. Rdg1 Bc6 19. Rh2 Bd5 20. f4 Nd7 21. f5 Rf8 22. Qd4 1-0